Countries at 25°N Latitude - Statistics

General Stats
  • This quiz has been taken 167 times
  • The average score is 14 of 16
Answer Stats
Country % Correct
Mexico
97%
Algeria
96%
Algeria
96%
China
96%
Egypt
96%
India
95%
Saudi Arabia
93%
Libya
92%
United States
91%
Pakistan
89%
Myanmar
87%
Bangladesh
84%
Mauritania
79%
United Arab Emirates
79%
Qatar
74%
Bahamas
67%
No matching quizzes found
Score Distribution
Percent of People with Each Score
Percentile by Number Answered
Your Score History
You have not taken this quiz